Miasta poniżej 1 000 liczby ludności w Polsce - nagła śmierć - Statystyki

Ogólne statystyki
  • Ten quiz został rozwiązany 1 520 razy
    1 377 od ostatniego zresetowania
  • Średni wynik to 5 z 35
Answers on the Grid
Answers color-coded by a green-red scale on the quiz's grid according to % correct below.
Bardo
Bełżyce
Bircza
Bisztynek
Bobolice
Bolesławiec
Bolimów
Brody
Byczyna
Bytów
Ciepielów
Ćmielów
Czerwińsk nad Wisłą
Dąbrowice
Dubiecko
Dukla
Działoszyce
Gielniów
Głowaczów
Goraj
Grabów
Gubin
Hajnówka
Hel
Iława
Inowłódz
Jadów
Jędrzejów
Józefów nad Wisłą
Kamienna Góra
Kazanów
Kiernozia
Koszyce
Kowary
Książ Wielki
Kórnik
Lubrza
Magnuszew
Mrozy
Nowy Korczyn
Nowy Tomyśl
Odrzywół
Opatowiec
Orzesze
Parzęczew
Przytyk
Puławy
Sienno
Skała
Sobków
Solec nad Wisłą
Suraż
Szczecinek
Szydłów
Turobin
Ujazd
Ustroń
Warta
Wąwolnica
Wisła
Wiślica
Wodzisław
Wyśmierzyce
Żagań
Zagórz
Zaklików
Zakopane
Zduny
Zelów
Żnin
 
Statystyki odpowiedzi
Odpowiedź % Poprawnych
Bircza
37%
Brody
25%
Bolesławiec
23%
Opatowiec
21%
Bolimów
20%
Ciepielów
18%
Czerwińsk nad Wisłą
17%
Goraj
16%
Dubiecko
15%
Inowłódz
15%
Kiernozia
15%
Wiślica
15%
Wyśmierzyce
15%
Gielniów
14%
Działoszyce
13%
Józefów nad Wisłą
13%
Głowaczów
12%
Jadów
12%
Kazanów
12%
Magnuszew
12%
Odrzywół
12%
Sienno
12%
Suraż
12%
Turobin
12%
Dąbrowice
11%
Koszyce
11%
Książ Wielki
11%
Przytyk
11%
Wąwolnica
11%
Nowy Korczyn
10%
Parzęczew
10%
Sobków
10%
Solec nad Wisłą
10%
Wodzisław
8%
Szydłów
7%
Nie znaleziono quizów pasujących do podanych kryteriów
Rozkład punktacji
Procent ludzi z każdym wynikiem
Percentyl według liczby udzielonych odpowiedzi
Twoja historia wyników
Nie rozwiązałeś tego quizu od ostatniego zresetowania